| 000 | 01165nam a2200313 4500 | ||
|---|---|---|---|
| 001 | 0000020926 | ||
| 003 | CO-CtgCURN | ||
| 005 | 20250512175947.0 | ||
| 007 | ta | ||
| 008 | 160627s2004 000 0 eng d | ||
| 020 | _a9583504653 | ||
| 040 |
_aCO-CtgCURN _bspa _ccoctgcurn |
||
| 082 | 0 |
_a343.04 _bM365d |
|
| 100 | 1 | _aMontaño Galarza, Cesar. | |
| 245 | 1 | 0 |
_aDerecho tributario internacional : _bel establecimiento permanente / _cCesar Montaño Galarza. |
| 260 |
_aBogotá : _bTemis, _c2004. |
||
| 300 | _a151 p. | ||
| 336 | _2rdacontent | ||
| 337 |
_2rdamedia _asin mediacion _bn |
||
| 338 |
_2rdacarrier _avolumen _bnc |
||
| 500 | _aIncluye indice. | ||
| 504 | _aBibliografia (p. 145-151) | ||
| 505 | 8 | _aEl establecimiento permanente.--El establecimiento permanente en el modelo de convenio de la organizacion para la cooperacion y el desarrollo economico,actualizado en 2003 | |
| 650 | 1 | 4 | _aEvasion de impuestos (Derecho internacional) |
| 908 | _a160627 | ||
| 942 |
_cBK _h343.04 _iM365d _2ddc _n0 |
||
| 999 |
_c19392 _d19392 |
||